Normal view
MARC view
- 1.Systems engineering 2. Systems analysis
Entry Topical Term
001 - CONTROL NUMBER
- control field: 1823
003 - CONTROL NUMBER IDENTIFIER
- control field: NUST
005 - DATE AND TIME OF LATEST TRANSACTION
- control field: 20170601123413.0
008 - FIXED-LENGTH DATA ELEMENTS
- fixed length control field: 170601|| aca||aabn | a|a d
040 ## - CATALOGING SOURCE
- Original cataloging agency: NUST
- Transcribing agency: NUST
150 ## - HEADING--TOPICAL TERM
- Topical term or geographic name entry element: 1.Systems engineering 2. Systems analysis
670 ## - SOURCE DATA FOUND
- Source citation: Work cat.: (NUST)24657: Jeffrey O. Grady 1822, Systems Requirement Analysis , c2006
